000
00242nam a2200097Ia 4500
001
640796
005
20250826153454.0
008
250824s9999 xx 000 0 und d
245
0
_a
BANA YILDIZINI SÖYLE
_c
FATİH OKUMUŞ
260
_b
GENÇ TİMAŞ
999
_c
640796
_d
640796